000 02173cam a2200421Mu 4500
001 104112
005 20230410124135.0
008 090519s2008 sp 000 0 spa d
020 _a9788496775381
020 _a8496775380
029 0 _aDEBSZ
_b306763125
035 _a(OCoLC)ocn698944359
035 _a(OCoLC)698944359
040 _aDEBSZ
_erakwb
_bger
_cDEBSZ
049 _aGRAL
050 1 4 _aNA 8300
_bP149 2008
082 0 0 _a712
245 1 0 _aPaisaje y territorio /
_cJavier Maderuelo (dir.) ; Antonio Ansón... [et al.].
260 _aMadrid :
_bAbada Editores,
_c2008.
300 _a350 p. :
_bIll. ;
_c24 cm.
490 1 _aPensar el paisaje
_v3
490 0 _aLecturas de paisaje;
_v3
500 _aReferencias bibliográficas. -- Indices.
505 _aIntroducción / Javier Maderuelo. La mirada del geógrafo sobre el paisaje : del conocimiento a la gestión / Josefina Gómez Mendoza. Maneras de ver el mundo : de la cartografía al paisaje / Javier Maderuelo. El arte (de perderse) en un bosque / Fernando Castro Flórez. Las representaciones sociales del paisaje y sus evoluciones / Yves Luginbuhl. Al margen : los paisajes que no vemos / Joan Nogué. El paisaje como percepción de las dinámicas y ritmos del territorio / Ignacio Español Echániz. Territorios y paisajes : modelos para pensar fotografía y literatura, tal vez soñar / Antonio Ansón. La dimensión fílmica del paisaje / Neus Miró. De la ordenación del territorio al paisaje : Madrid como estudio de caso / Daniel Zarza. Los nuevos paisajes de la metrópoli / Enric Batlle i Durany. Passages : a l'endroit, a l'envers / Catherine Mosbach.
650 0 _aLandscape architecture
_vCongresses.
650 0 _aRegional planning
_vCongresses.
650 0 _aNature (Aesthetics)
_vCongresses.
650 4 _aPaisaje
_vCongresos, conferencias, etc.
650 4 _aArquitectura del paisaje
_vCongresos, conferencias, etc.
650 4 _aTerritorio.
650 4 _aPrimera Jornada de Catalogacion.
700 1 _aMaderuelo, Javier.
_4ed.
700 1 _aAnson, Antonio,
_d1960.
830 0 _aPensar el paisaje
_v3.
942 _2lcc
_cbk
946 _arg / ih
994 _aC0
_bDRFGD
999 _c71792
_d71792